[Event "PCA-op"]
[Site "New York"]
[Date "1994.??.??"]
[Round "8"]
[White "De Firmian, Nick E"]
[Black "Georgiev, Kiril"]
[Result "0-1"]
[WhiteElo "2580"]
[BlackElo "2635"]
[Annotator "Georgiev,Ki"]
[PlyCount "46"]
[EventDate "1994.??.??"]
[EventType "swiss"]
[EventRounds "11"]
[EventCountry "USA"]
[SourceTitle "CBM 042"]
[Source "ChessBase"]
[SourceDate "1994.10.01"]
[SourceVersion "1"]
[SourceVersionDate "1994.10.01"]
[SourceQuality "1"]

1. e4 c5 2. Nc3 Nc6 3. Nf3 g6 4. d4 cxd4 5. Nxd4 Bg7 6. Be3 Nf6 7. Bc4 O-O 8.
Bb3 d6 9. h3 Bd7 10. O-O Rc8 11. f4 Qa5 12. Qf3 Qh5 13. Rad1 Na5 14. Qxh5 Nxh5
15. g4 $2 (15. Nd5 Rfe8 16. c3 Nxb3 17. axb3 Nf6 $15) 15... Rxc3 $1 16. bxc3
Ng3 17. Rf3 (17. Rfe1 Nxe4 18. Bc1 Nxc3 19. Rd3 Nxb3 20. axb3 Re8 $17) 17...
Nxe4 $17 18. Bc1 Rc8 19. Bb2 (19. Rdd3 $2 Nxc3 20. Rxc3 Rxc3 21. Rxc3 Bxd4+ $19
) 19... Nc4 20. Bxc4 (20. Ba1 $5) 20... Rxc4 21. Re3 f5 22. gxf5 gxf5 23. Kh2
Kf7 $19 {Und nach ein paar Zügen hat Schwarz gewonnen.} 0-1

[Event "Hoogovens"]
[Site "Wijk aan Zee"]
[Date "1999.01.17"]
[Round "2"]
[White "Svidler, Peter"]
[Black "Topalov, Veselin"]
[Result "1/2-1/2"]
[WhiteElo "2713"]
[BlackElo "2700"]
[Annotator "Hansen,Cu"]
[PlyCount "74"]
[EventDate "1999.01.16"]
[EventType "tourn"]
[EventRounds "13"]
[EventCountry "NED"]
[EventCategory "17"]
[SourceTitle "CBM 069"]
[Source "ChessBase"]
[SourceDate "1999.04.01"]
[SourceVersion "1"]
[SourceVersionDate "1999.04.01"]
[SourceQuality "1"]

1. e4 {Alterman,B} c5 2. Nc3 g6 3. Nf3 Bg7 4. d4 cxd4 5. Nxd4 Nc6 6. Be3 Nf6 7.
Bc4 O-O 8. Bb3 a5 9. a4 Ng4 10. Qxg4 Nxd4 11. Qh4 d6 $5 {After} (11... Nxb3 12.
cxb3 d6 {is supposed to be bad because of:} 13. Nd5 {[%cal Re3b6,Rd5e7]}) 12.
Nd5 (12. O-O Nxb3 13. cxb3 Be6 $132) 12... Re8 13. Rd1 (13. O-O Be6 $132) 13...
Nxb3 14. Bb6 {'!' Alterman,B.} (14. cxb3 {Alterman,B} Ra6 15. Bg5 f6 16. Bh6
Rc6 $11) 14... Qd7 15. cxb3 Ra6 {[%cal Re7e6]} 16. Bd4 Qd8 {The blacksquared B
will soon be exchanged so the black Q has to be in a position to defend these
squares.} 17. Bxg7 Kxg7 {[%csl Rb3][%cal Ye7e6] Threatening to exchange even
more pieces with e7-e6. After alle black has the slightly better P-structure
so the ending might even be a little bit better for him} 18. Qg3 (18. O-O $6 {
Alterman,B} e6 19. Qxd8 Rxd8 20. Ne3 Rc6 $1 21. Nc4 b6 22. Rd4 Ba6 $11) 18...
Be6 {[%cal Ye6d5] in the lines where black plays d7-d6 this bishop is always
well-placed on e6. It attacks the P on b3 and can be exchanged against the
strong N on d5.} 19. O-O Rc6 20. Qe3 Bxd5 (20... f6 $5 {maybe best. The idea
is to follow up with Rc5-c5 and b7-b5} 21. Nf4 Bf7 {This is why f7-f6 maybe
better than 20. - Rc5}) (20... Rc5 {[%cal Yb7b5] Black would like to see what
white will do before he takes on d5} 21. Nf4 $5 $14) 21. exd5 Rc5 22. h4 $1 $14
{'|^' Alterman,B. ()} (22. f4 $5 {[%cal Yf4f5]}) 22... Qd7 (22... e5 $2 23.
dxe6 Rxe6 {would be a good idea if it was not for the tactical trick:} 24. Qxc5
) (22... h5 23. f4 {[%cal Yf4f5]} (23. Rd4 $14 {Alterman,B}) 23... Qb6 24. Kh1
$36) 23. Qd4+ Kg8 24. h5 Qf5 {[%csl Rd5,Re7] Now d5 is just as weak as e7, but
still black has some problems after the opening of the h-<-> to coordinate the
defence of Kg8 and Pe7} 25. hxg6 hxg6 {[%csl Rg8]} 26. Rfe1 b5 (26... e5 {
Alterman,B} 27. dxe6 Rxe6 28. Rxe6 Qxe6 29. Qxd6 Qxd6 30. Rxd6 Rc1+ 31. Kh2 Rc2
32. Kg3 Rxb2 33. Rb6 $16) 27. Rd3 {[%cal Rd3h3,Rd4h4]} (27. Re3 {[%cal Ye3h3,
Yd4h4] Now the R on the third rank now does not have to cover d5 as in the
game.} b4 (27... f6 $6 28. axb5 Rxb5 29. Qa4 $1 $14) 28. Rh3 Qf6 $1 {This is
the negative side of 27.Te3 - no pressure in the e-<->}) 27... f6 28. axb5 (28.
Rh3 {Alterman,B} g5 29. Qd1 Qxd5 30. Qh5 Kf8 31. Qh6+ Kf7 $11) 28... Rxb5 29.
Rh3 {[%cal Rd4h4]} g5 30. Qc4 Rb4 $6 (30... Rc5 31. Qa4 $14) (30... Qxd5 $1 31.
Qe2 $44 {However this is similar to a postion in the game - only in the game
black does not have an extra P} (31. Qc2 Qf7 $17) (31. Rxe7 {Alterman,B} Rxe7
32. Qc8+ Kf7 33. Rh7+ Kg6 34. Rxe7 Qd1+ 35. Kh2 Qh5+ $11) 31... Kg7 32. Rh7+ (
32. Qh5 Qg8 33. f4 (33. Rc1 Kf8 $5 (33... Rc5 $11)) 33... Kf8 {Black does not
seem to be in any real danger - white is a P down.}) 32... Kxh7 33. Qh5+ Kg7
34. Qxe8 Rb7 $11) 31. Qe2 Qg6 (31... Qxd5 {Alterman,B} 32. Qh5 Kf8 $1 33. Qh6+
(33. Rhe3 Rh4) 33... Kf7 34. Qh7+ Kf8 $11) 32. Qe6+ Kg7 33. Qd7 Qf7 34. Rhe3
Kf8 {'[]' Alterman,B.} (34... e5 {Alterman,B} 35. dxe6 Qxd7 36. exd7 Rd8 37.
Re7+ Kg6 38. Rd1 $18) 35. Rh3 Kg7 36. Rhe3 (36. Re6 $5 {With the idea 37.Rxd6
exd6 38.Rh7+ seems to put black in a difficult position} Rbb8 37. Qa4 $1 {
[%cal Ra4a5,Ra4e4]}) 36... Kf8 37. Rh3 (37. Qa7 {Alterman,B} Rb5) 37... Kg7
1/2-1/2

[Event "Goodricke op 12th"]
[Site "Kolkata"]
[Date "2001.02.16"]
[Round "11"]
[White "Ramesh, Ramachandran B"]
[Black "Wajih, Nassir"]
[Result "1/2-1/2"]
[WhiteElo "2467"]
[BlackElo "2350"]
[Annotator "Hecht,H"]
[PlyCount "114"]
[EventDate "2001.02.06"]
[EventType "swiss"]
[EventRounds "11"]
[EventCountry "IND"]
[SourceTitle "CBM 082"]
[Source "ChessBase"]
[SourceDate "2001.05.17"]
[SourceVersion "1"]
[SourceVersionDate "2001.05.17"]
[SourceQuality "1"]

1. e4 c5 2. Nf3 Nc6 3. Nc3 g6 4. d4 cxd4 5. Nxd4 Bg7 6. Be3 Nf6 7. Bc4 O-O 8.
Bb3 a5 9. f3 d5 10. Bxd5 Nxd5 11. exd5 Nb4 12. Nde2 Bf5 13. Rc1 b5 14. O-O Rc8
15. Nd4 Rxc3 16. bxc3 Nxa2 17. Ra1 Nxc3 18. Qd2 Qc7 19. Nc6 e6 20. Bh6 Bxh6 21.
Qxc3 exd5 22. Qc5 Re8 23. Rfe1 Be6 24. Rxa5 Bf8 25. Qxb5 Rc8 26. Ne5 Rb8 27.
Qa6 Bb4 28. Raa1 Bxe1 29. Rxe1 Qxc2 30. Nd3 Qc4 31. Qxc4 dxc4 32. Nf4 Bf5 33.
Rc1 g5 34. Nd5 Bd3 35. Kf2 Rb2+ 36. Kg3 Kg7 37. Ne3 Rb4 38. Nd5 Rb5 39. Nc3 Rb2
40. Na4 Ra2 41. Nc5 h5 42. Nxd3 cxd3 43. Rd1 h4+ 44. Kh3 Ra3 45. Kg4 Kg6 46. f4
Ra4 47. Rxd3 {Bauern auf einem Flügel} (47. g3 Rd4 48. Rd2 hxg3 49. hxg3 gxf4
50. gxf4 Rd5 51. Kf3 Kf5 52. Ke3 Rd8 53. Kf3 Rh8 54. Ke3 Rh3+ 55. Kd4 Kxf4 $19)
47... Rxf4+ 48. Kh3 Kh5 49. g3 g4+ 50. Kg2 h3+ 51. Kg1 Rf5 52. Rd2 Kg5 53. Rf2
Rf3 (53... Rxf2 54. Kxf2 Kf5 55. Ke3 Ke5 56. Kd3 f6 57. Ke3 f5 58. Kf2 (58. Kd3
f4 59. gxf4+ Kxf4 60. Ke2 g3 61. Kf1 gxh2 $19) 58... Kd4 59. Kg1 Ke3 60. Kh1
$11) 54. Rxf3 gxf3 55. Kf2 Kg4 56. Ke3 f5 57. Kf2 f4 {Remis (Pattgefahr)
aufgrund des bis nach h3 vorgeprellten Bauern.} (57... f4 58. gxf4 Kxf4 59. Kf1
(59. Ke1 Ke3 60. Kf1 f2 {patt}) (59. Kg1 Ke3 60. Kh1 $4 Ke2 61. Kg1 f2+ 62. Kh1
f1=R#) 59... Ke3 60. Ke1 f2+ 61. Kf1 Kf3 {patt}) 1/2-1/2

[Event "Vienna Bawag"]
[Site "Vienna"]
[Date "1996.??.??"]
[Round "2"]
[White "Roth, Peter"]
[Black "Stanec, Nikolaus"]
[Result "1/2-1/2"]
[WhiteElo "2315"]
[BlackElo "2490"]
[Annotator "Hecht,H"]
[PlyCount "143"]
[EventDate "1996.05.??"]
[EventType "tourn"]
[EventRounds "9"]
[EventCountry "AUT"]
[EventCategory "9"]
[SourceTitle "CBM 054"]
[Source "ChessBase"]
[SourceDate "1996.10.01"]
[SourceVersion "1"]
[SourceVersionDate "1996.10.01"]
[SourceQuality "1"]

1. e4 {Endspiel-CD} c5 2. Nf3 Nc6 3. d4 cxd4 4. Nxd4 g6 5. Nc3 Bg7 6. Be3 Nf6
7. Bc4 O-O 8. Bb3 a5 9. a3 Ng4 10. Nxc6 Nxe3 11. Nxd8 Nxd1 12. Rxd1 Bxc3+ 13.
bxc3 Rxd8 14. h4 d6 15. h5 Bd7 16. Rd3 Bc6 17. hxg6 hxg6 18. Bd5 e6 19. Bxc6
bxc6 20. c4 Rab8 21. Kd2 Kg7 22. Kc3 Kf6 23. Rhd1 Ke5 24. g3 g5 25. f3 c5 26.
Rf1 Kf6 27. f4 gxf4 28. gxf4 Ke7 29. Rfd1 Rd7 30. e5 Rbd8 31. Rb1 dxe5 32. fxe5
Rc7 33. Rxd8 Kxd8 {[#] beiderseitige schlechte B-Struktur; nach B-Reduzierung
ab Zug 63 T+c-B - T; Remis durch Angriff auf den Freibauern von hinten und
Ausweichen des sK auf die kurze Seite.} 34. Rb5 a4 35. Ra5 Ke7 36. Rxa4 f6 37.
exf6+ Kxf6 38. Ra8 Ke7 39. a4 Kd7 40. a5 Rb7 41. Kd3 Kc7 42. Ra6 e5 43. Re6 Rb4
44. Rxe5 Kc6 45. Re6+ Kc7 46. Re7+ Kc6 47. Rh7 Ra4 48. a6 Kb6 49. a7 Ra1 50.
Rf7 Ra4 51. Ke3 Ra1 52. Ke4 Re1+ 53. Kd5 Rd1+ 54. Ke6 Rd8 55. Rd7 Rh8 56. Re7 (
56. a8=Q Rxa8 57. Kd5 Rh8 58. Rd6+ Kc7 59. Kxc5 Rh2 60. c3 Rh3 $10) 56... Rd8
57. Kf7 Rh8 58. c3 Rc8 59. Ke6 Rd8 60. Ke5 Rh8 61. Re6+ Kxa7 62. Kd5 Rh3 63.
Kxc5 {[#]} Rxc3 $10 {Endspiel-CD: Läuferbauer: K auf der kurzen Seite oder vor
dem Bauern = remis} 64. Kb5 Kb7 65. Re7+ Kc8 66. c5 Kb8 67. Kc6 Rc1 68. Re8+
Ka7 69. Kd6 Kb7 $1 70. Re7+ Kc8 71. Re8+ Kb7 72. Re7+ 1/2-1/2

[Event "NED-chT 0102 playoff"]
[Site "Enschede"]
[Date "2002.05.10"]
[Round "2.4"]
[White "Middelburg, Tom"]
[Black "Schebler, Gerhard"]
[Result "1/2-1/2"]
[WhiteElo "2380"]
[BlackElo "2474"]
[Annotator "Hecht,H"]
[PlyCount "142"]
[EventDate "2002.05.09"]
[EventType "team-k.o."]
[EventRounds "2"]
[EventCountry "NED"]
[SourceTitle "CBM 089"]
[Source "ChessBase"]
[SourceDate "2002.08.12"]
[SourceVersion "1"]
[SourceVersionDate "2002.08.12"]
[SourceQuality "1"]
[WhiteTeam "Leiden LSG"]
[BlackTeam "ING/ESGOO Enschede"]
[WhiteTeamCountry "NED"]
[BlackTeamCountry "NED"]

1. e4 c5 2. Nf3 g6 3. d4 Bg7 4. Nc3 cxd4 5. Nxd4 Nc6 6. Be3 Nf6 7. Bc4 O-O 8.
O-O Nxe4 9. Nxe4 d5 10. Nxc6 bxc6 11. Bd3 dxe4 12. Bxe4 Qc7 13. c3 Rb8 14. Qc2
f5 15. Bf3 e5 16. Bc5 Rd8 17. Rad1 Be6 18. Rxd8+ Rxd8 19. Rd1 Rxd1+ 20. Qxd1
Bxa2 21. Qa4 Be6 22. Qxc6 Qxc6 23. Bxc6 {Doppeltes Läuferpaar bei ungleicher
Bauernverteilung} a6 24. f3 Bc4 25. Kf2 Kf7 26. Bd7 Bh6 27. Be3 Bf8 28. Ke1 Bd6
29. Kd2 Ke7 30. Bc6 Ke6 31. Kc2 h5 32. b3 Bf1 33. g3 Bc7 34. Be8 f4 35. gxf4
exf4 36. Bd4 Bg2 37. Bxg6 Bxf3 38. Kd2 h4 39. Bd3 a5 40. Bf1 Kf5 41. Bf2 Kg4
42. h3+ Kg5 43. Bc5 Bb7 44. Be7+ Kh5 45. Bb5 Bg2 46. Be8+ Kh6 47. Bd7 Bb6 48.
Bxh4 Bd5 49. b4 axb4 50. cxb4 Bd4 51. Kd3 Bg1 52. Ke2 Bd4 53. Kd3 Bg1 54. Ke2
Bd4 55. Bg4 Bc4+ 56. Kf3 Be3 57. Bf5 Bb3 58. Bd3 Bd5+ 59. Be4 Bc4 60. Be7 Be6
61. Bd6 Bxh3 62. Bxf4+ Bxf4 63. Kxf4 {entfernter schwarzer König. Untersuchung
mit Tablebase und Nunn.} Kg7 64. b5 ({z.B.} 64. Ke5 Bf1 65. Kd4 Kf6 66. Bd3 Bg2
67. b5 Ke6 68. Kc5 Ke5 69. b6 Bb7 70. Bb5 Ke6 71. Bc6 Ba6 72. Bf3 Kd7 73. Bg4+
Kd8 74. Kc6 Bc8 75. Be2 Bh3 76. Kb7 Bg2+ 77. Ka7 Kd7 78. Ba6 Kd6 79. Bb7 Bh3
80. Bf3 Bc8 81. Bg4 $18) 64... Kf6 65. b6 Bc8 66. Bd5 Ba6 67. Be4 Bc8 68. Bd5
Ke7 69. Be4 Kd7 70. Bd5 Ba6 71. Be4 Bf1 1/2-1/2

[Event "Imre Konig Memorial 1st"]
[Site "San Francisco"]
[Date "2002.09.04"]
[Round "1"]
[White "Nakamura, Hikaru"]
[Black "Wojtkiewicz, Aleksander"]
[Result "0-1"]
[WhiteElo "2494"]
[BlackElo "2555"]
[Annotator "Hecht,H"]
[PlyCount "102"]
[EventDate "2002.09.04"]
[EventType "tourn"]
[EventRounds "9"]
[EventCountry "USA"]
[EventCategory "12"]
[SourceTitle "CBM 092"]
[Source "ChessBase"]
[SourceDate "2003.02.06"]
[SourceVersion "1"]
[SourceVersionDate "2003.02.06"]
[SourceQuality "1"]

1. e4 c5 2. Nc3 g6 3. Nge2 Bg7 4. d4 cxd4 5. Nxd4 Nc6 6. Be3 Nf6 7. Bc4 O-O 8.
Bb3 a5 9. O-O Nxd4 10. Bxd4 d6 11. f4 Bd7 12. a4 Bc6 13. Kh1 Nd7 14. Bxg7 Kxg7
15. Qd4+ f6 16. Rae1 Qb6 17. Qd2 Nc5 18. Rf3 Nxb3 19. cxb3 Qb4 20. Qf2 Rf7 21.
Rg3 Rg8 22. f5 Kh8 23. fxg6 Rxg6 24. Nd5 Bxd5 25. exd5 Rxg3 26. hxg3 Qxb3 27.
Rxe7 Qxd5 28. Rxf7 Qxf7 {Damenendspiel mit einem schwarzen Mehrfreibauern.} 29.
Qf5 ({Zum Übergang zu einem interessanten Bauernendspiel führte} 29. Qb6 Qh5+
30. Kg1 Qc5+ 31. Qxc5 dxc5 32. Kf2 f5 (32... Kg7 33. Ke3 Kf7 (33... Kg6 34. Kf4
h5 35. g4 h4 $19) 34. Kd3 Ke6 35. Kc4 Kd6 36. Kb5 h5 37. Kb6 (37. Kxa5 Kc6 38.
b4 c4 $19 (38... b6+ 39. Ka6 cxb4 $19))) 33. Ke3 (33. g4 fxg4 34. Kg3 Kg7 35.
Kxg4 Kf6 36. Kh5 (36. b3 Ke5 $19) (36. Kf4 Ke6 37. Ke4 h5 38. g3 c4 $19 {
oder Kd6}) 36... c4 37. Kh6 Ke6 38. Kxh7 b5 39. axb5 a4 40. b6 Kd7 41. b7 Kc7
42. g4 c3 $19) 33... Kg7 34. Kd3 Kf6 35. Kc4 Kg5 36. Kb5 Kg4 37. Kxa5 Kxg3 38.
Kb6 Kxg2 39. Kxb7 f4 40. a5 f3 41. a6 f2 42. a7 f1=Q 43. a8=Q Qf3+ $19) 29...
b6 30. Qc8+ Kg7 31. Qd8 Qh5+ 32. Kg1 Qc5+ 33. Kh2 h5 (33... Qd4 $142 {[%cal
Gg7g6,Gg6c2] mit Königsaktivierung, nachdem alle wichtigen schwarzen Bauern
unter gleichzeitiger Zentralisierung der Dame gedeckt sind.}) 34. Qe7+ Kg6 35.
Qe8+ Kg5 36. Qd7 Qe5 37. b3 ({Hartnäckiger war} 37. Qg7+ Kf5 38. Qh7+ Ke6 39.
Qg8+ Kd7 40. Qf7+ Kc6 41. Qc4+ Qc5 42. Qe6) 37... d5 $1 38. Qg7+ Kf5 39. Qh7+
Ke6 40. Qg8+ Kd7 41. Qf7+ Kc6 42. Qf8 d4 43. Qc8+ Kd6 44. Qa6 Kc7 45. Qc4+ (45.
Qa7+ Kc6 46. Qa6 h4 $19) 45... Kd7 46. Kg1 Kd6 47. Kf1 Qf5+ 48. Ke1 Qe6+ 49.
Kd2 Qxc4 50. bxc4 Ke6 ({Logischer sieht aus:} 50... Kc5 51. Kd3 f5 52. g4 hxg4
53. g3 f4 54. gxf4 g3 55. Ke2 d3+ $19) 51. Ke2 Kf5 0-1

[Event "Corus-B"]
[Site "Wijk aan Zee"]
[Date "2004.01.17"]
[Round "6"]
[White "Naiditsch, Arkadij"]
[Black "Van der Wiel, John"]
[Result "1-0"]
[WhiteElo "2576"]
[BlackElo "2542"]
[Annotator "Hecht,H"]
[PlyCount "79"]
[EventDate "2004.01.10"]
[EventType "tourn"]
[EventRounds "13"]
[EventCountry "NED"]
[EventCategory "13"]
[SourceTitle "CBM 099"]
[Source "ChessBase"]
[SourceDate "2004.03.30"]
[SourceVersion "1"]
[SourceVersionDate "2004.03.30"]
[SourceQuality "1"]

1. e4 c5 2. Nf3 Nc6 3. Nc3 g6 4. d4 cxd4 5. Nxd4 Bg7 6. Be3 Nf6 7. Bc4 O-O 8.
Bb3 a5 9. f3 d5 10. Bxd5 Nxd5 11. Nxd5 f5 12. Nxc6 bxc6 13. Nb6 Rb8 14. Qxd8
Rxd8 15. Rd1 Rxd1+ 16. Kxd1 fxe4 17. Nxc8 Rxc8 18. b3 exf3 19. gxf3 a4 20. Ke2
Ra8 21. b4 Kf7 22. c4 Be5 23. h3 Ke6 24. Kd3 Bd6 25. Rb1 Rb8 26. a3 Rf8 27. Ke4
Rf5 28. f4 Rh5 29. Rh1 Rh4 30. Rg1 Rxh3 31. Rg5 {[#] Transitions to the
endgame a) to a bishop ending after exchanging rooks b) to a pawn ending after
exchanging bishops  [#] Endspielübergänge a) ins Läuferendspiel nach
Turmtausch b) ins Bauernendspiel nach Läufertausch} Rh5 32. Rxh5 gxh5 33. f5+
Kf6 (33... Kd7 $1 34. Bf4 h4 35. Bxd6 exd6 36. Kf3 d5 37. cxd5 cxd5 38. b5 h3
39. Kg3 d4 40. f6 d3 41. f7 Ke7 42. b6 d2 43. b7 d1=Q 44. f8=Q+ Kxf8 45. b8=Q+
Ke7 46. Qe5+ Kd7 47. Kxh3 Qf3+ 48. Kh2 Qxa3 49. Qf5+ Kc6 50. Qxh7 {with
winning prospects since the white king is badly positioned (TABLEBASE: #68!)
mit Aussichten auf Gewinn, weil der weiße König schlecht steht. (TABLEBASE:
#68!)}) 34. Bf4 h4 (34... Bxf4 35. Kxf4 e5+ 36. fxe6 Kxe6 37. Kg5 Ke5 38. Kxh5
Kd4 39. c5 Kc4 40. Kh6 Kb3 41. b5 cxb5 42. c6 b4 43. c7 bxa3 44. c8=Q a2 45.
Qh8 $19) 35. Bxd6 exd6 36. b5 d5+ (36... h3 37. Kf3 cxb5 38. cxb5 d5 39. b6 $18
{this shows particularly clearly how badly positioned the black king is on f6.
Hier sieht man besonders deutlich, wie schlecht der schwarze König auf f6
postiert ist.}) 37. Kf3 cxb5 38. cxb5 h3 39. b6 h2 40. Kg2 1-0

[Event "Moscow Aeroflot op-A 18th"]
[Site "Moscow"]
[Date "2019.02.23"]
[Round "4"]
[White "Aravindh, Chithambaram VR"]
[Black "Dubov, Daniil"]
[Result "0-1"]
[WhiteElo "2601"]
[BlackElo "2703"]
[Annotator "Krasenkow,M"]
[PlyCount "60"]
[EventDate "2019.02.20"]
[EventType "swiss"]
[EventRounds "9"]
[EventCountry "RUS"]
[SourceTitle "CBM 189"]
[Source "ChessBase"]
[SourceDate "2019.04.29"]
[SourceVersion "1"]
[SourceVersionDate "2019.04.29"]
[SourceQuality "1"]

{[%evp 0,60,27,21,51,48,56,46,59,58,58,58,42,42,87,33,42,24,49,15,60,53,58,18,
26,-5,13,-3,26,-14,60,38,82,46,100,19,89,110,196,200,215,235,233,161,184,181,
181,181,180,187,187,106,106,-221,-239,-450,-496,-550,-36,-550,-570,-541,-581]} 
1. e4 c5 2. Nf3 Nc6 3. Nc3 g6 4. d4 cxd4 5. Nxd4 Bg7 6. Be3 Nf6 7. Bc4 O-O 8.
Bb3 Re8 {A recently popular continuation. Its idea is to prevent White's plan
with f2-f3, Qd1-d2, 0-0-0.} 9. f3 (9. O-O d6 10. h3 Na5 {is quite comfortable
for Black.}) 9... d5 {[%mdl 512] More energetic and popular among GMs than} (
9... e6 {(with idea ...d7-d5), to which White can modify his setup:} 10. f4 $5
(10. Qd2 d5 11. O-O-O (11. exd5 Nxd5 12. Nxd5 Nxd4 $1 13. Bxd4 exd5+ {[%csl
Re1] 0-1 (70) Morozov,D (2310)-Zvjaginsev,V (2672) Cheliabinsk 2016}) 11...
Nxd4 12. Bxd4 e5 13. Bf2 d4 14. Ne2 a5 $5 (14... Be6 15. Bxe6 Rxe6 16. c3 Qa5
17. Kb1 dxc3 18. Qxc3 Qb5 19. Qd3 $14 {[%csl Rg7] 1-0 (32) Kriebel,T (2487)
-Butkiewicz,L (2449) Poland 2018}) 15. c3 Qc7 $13) 10... d6 (10... Ng4 11. Qxg4
Nxd4 12. O-O-O Nxb3+ 13. axb3 d5 14. e5 Bd7 15. h4 $40 {1-0 (30) Saric,I (2660)
-Horvath,A (2498) Biel 2016}) 11. Ndb5 $5 Bf8 12. Qf3 a6 13. Nd4 Na5 14. O-O b5
15. f5 $36 {1/2 (39) Navara,D (2745)-Mamedov,R (2704) Shamkir 2018}) 10. exd5 (
10. Bxd5 Nxd5 11. Nxd5 Be6 (11... e6 $5) 12. c4 Rc8 13. O-O Nxd4 14. Bxd4 Rxc4
15. Bxg7 Kxg7 16. b3 Rc8 $11 {½-½ (26) Navara,D (2737)-Dubov,D (2701) Batumi
2018}) 10... Nb4 (10... Na5 11. Qd2 Nxb3 12. Nxb3 b5 (12... b6 13. O-O-O Bb7
14. Bh6 $36) 13. O-O-O Bb7 14. d6 $14) 11. Nde2 e6 12. Qd2 (12. Bd4 $5 {
, aiming to the exchange of dark-squared bishops, is probably more challenging
for Black:} exd5 (12... Nbxd5 13. Nxd5 Nxd5 14. Bxg7 Kxg7 15. Qd4+ $14) 13. Qd2
(13. O-O Be6 14. Bf2 (14. Nf4 Nc6 15. Bf2 {1-0 (37) Kollars,D (2542)-Loxine,J 
(2393) Germany 2018} Qa5 $132) 14... d4 15. Nxd4 (15. Bxd4 Bxb3 16. axb3 Qe7
$44 {[%cal Ya8d8]}) 15... Bxb3 16. Nxb3 Qxd1 17. Raxd1 Nxc2 18. Na5 b6 19. Nc4
{½-½ (19) Kovalev,V (2650)-Gelfand,B (2695) Poikovsky 2018}) 13... Nc6 14.
O-O-O Nxd4 15. Nxd4 Bd7 (15... Be6 16. g4 h5 17. Nxe6 fxe6 18. Qd3 $16 {
1-0 (46) Can,I (2361)-Cadilhac,I (2286) Manavgat 2018}) 16. g4 Bc6 17. Kb1 Nd7
18. h4 Nc5 19. h5 a5 20. a4 Qb6 21. hxg6 hxg6 22. g5 Nxb3 23. cxb3 Qxd4 24.
Qxd4 Bxd4 25. Rxd4 Kg7 26. f4 $14 {1-0 (33) Navara,D (2740)-Gelfand,B (2703)
Batumi 2018}) ({Or} 12. d6 Nbd5 (12... Nfd5 13. Bd4 Bh6 {0-1 (41) Peng,H (2273)
-Guerra Rivera,S (2340) Porto Carras GRE 2018} 14. h4 $36) 13. Bd4 Qxd6 {
1-0 (52) Rego,P (2228)-Fossan,A (2040) Lisbon 2019} 14. Bxd5 exd5 15. Qd2 Bd7
16. O-O-O Bc6 17. g4 $14) 12... Nbxd5 13. O-O-O Bd7 (13... Qe7 $5) (13... b6 $5
14. Nxd5 Nxd5 15. Bh6 (15. Bxd5 Qxd5 $1) 15... Bb7 {, and Black should
equalize.}) 14. Nxd5 exd5 15. Nc3 (15. Bd4 $5 $14 {[%cal Yg2g4]} a5 $140 16.
Nc3) 15... a5 (15... Bc6 $5 {[%cal Yb7b5]}) 16. a4 (16. Bd4 a4 17. Bxd5 a3 18.
b3 {, and Black has no sufficient compensation for the pawn.}) 16... b5 $1 $132
17. Nxd5 (17. Bd4 $5 bxa4 18. Nxa4) 17... bxa4 (17... Be6 18. Nxf6+ Qxf6 19.
Bd4 Qxd4 20. Qxd4 Bxd4 21. Rxd4 Bxb3 22. cxb3 Re3 $11) 18. Bb6 axb3 $6 {
A risky but practically interesting queen sacrifice.} (18... Qb8 19. Nxf6+ Bxf6
20. Bxf7+ Kxf7 21. Qxd7+ Re7 22. Qc6 {is rather favorable for White.}) 19. Bxd8
Raxd8 20. Nxf6+ Bxf6 21. Rhe1 (21. c3 $5 a4 22. Rhe1 Be7 23. g4 $16) 21... bxc2
22. Rxe8+ Rxe8 23. Re1 Rc8 24. g4 Be6 25. Qd6 (25. Qf4 $142 Bg7 26. h4 {
, and White should win in a long term.}) 25... Kg7 26. h3 $4 {This move
unexpectedly loses as Black's bishop seizes a powerful position on b3.} (26. h4
{[%cal Rg4g5]} h6 (26... Bxh4 $2 27. Rxe6) 27. Qb6 {Computer engines prefer
White but the position is rather unclear in practical play.}) 26... Bb3 {
[%cal Rc8d8]} 27. g5 (27. Qd3 a4) 27... Bxg5+ 28. f4 Bf6 $6 (28... Rd8 $19) 29.
Qb6 $6 (29. Qa3 $8 a4 30. Re3 g5 $1 $19) 29... a4 30. Re5 Rd8 {Although Black
won this game, the value of 8...Re8 remains under doubt.} 0-1